Време за памет (Запис номер 94433)
[ съкратено ]
| 000 -Лидер | |
|---|---|
| Контролно поле с фиксирана дължина | 01199nam a2200361 c 4500 |
| 003 - Код на организацията, давaща контролен номер | |
| Контролно поле | BLK |
| 005 - Дата и час на последна редакция | |
| Контролно поле | 20230327150517.0 |
| 008 - Елементи от данни с фиксирана дължина | |
| fixed length control field | 180408b bul|||||r ||||||| ||bul|| |
| 010 ## - Наследен системен номер | |
| LC control number | KNG00099255000 |
| 020 ## - Международен стандартен номер на книга ISBN | |
| Международен стандартен номер на книга ISBN | 978-954-337-111-2 |
| 040 ## - Източник на каталожния запис | |
| Идентификатор на билиотеката - собственик на записа | BLK |
| 041 ## - Код за език | |
| Код за езика на текст/звукозапис или на отделно заглавие | Български |
| Код за езика КДБФ | Български |
| 072 #7 - Код за тематичната категория | |
| Код организация | bullib |
| Код за тематична категория | К |
| Текст | Краезнание |
| 072 #7 - Код за тематичната категория | |
| Код организация | bullib |
| Код за тематична категория | Н84 |
| Текст | Българска художествена литература Н |
| 080 ## - УДК | |
| Текстов определител УДК | Българска литература |
| УДК код - определител по УДК | 821.163.2 |
| УДК определител | -8 |
| УДК - код + определител | 821.163.2-8 |
| 139 ## - Редно поле | |
| Редна дума | Време за памет |
| Авторски знак | Врач - В 87 |
| 245 10 - Сведения за заглавието | |
| Заглавие | Време за памет |
| Подзаглавни данни | Лит. сб. |
| Редно поле (дума) | състав. Нели Пигулева. |
| 257 ## - Страна на издаване | |
| Страна на създаване/издаване | България |
| 260 ## - Област на издателските данни | |
| Име на издателя, разпространителя и проч. | Авангард принт |
| Година на издаване | 2010 |
| 300 ## - Физическа характеристика | |
| Страници | 78 с. |
| Размери/Мащаб | 20 см |
| 380 ## - Жанр | |
| Жанр | Худож. лит. |
| 653 ## - Ключова дума – ненормативна | |
| Ключова дума | стихотворения |
| 653 ## - Ключова дума – ненормативна | |
| Ключова дума | есета |
| 653 ## - Ключова дума – ненормативна | |
| Ключова дума | спомени |
| 659 ## - Тематичен бюлетин | |
| Тематичен бюлетин | К |
| 659 ## - Тематичен бюлетин | |
| Тематичен бюлетин | Н |
| 700 1# - Други автори (авторска отговорност) | |
| Лично име | Пигулева, Нели Димитрова |
| Дати, свързани с автора | 1957- |
| 9 (RLIN) | 373978 |
| 852 ## - Местоположение | |
| Форматна сигнатура | Цб 250666 |
| 852 ## - Местоположение | |
| Форматна сигнатура | К 821.163.2/В 87 |
| 856 4# - Електронен адрес и достъп | |
| Електронен формат | pdf - файл |
| 856 4# - Електронен адрес и достъп | |
| Електронен формат | pdf - файл |
| 999 ## - СИСТЕМНИ КОНТРОЛНИ НОМЕРА | |
| Koha biblionumber | 94433 |
| Koha biblioitemnumber | 94433 |
| 942 ## - АРТИКУЛИ | |
| Вид на библиотечния материал | Книги |
| Скрит в OPAC | Не |
| Периодичен библиозапис | Да |
| 944 ## - СЪЗДАВАНЕ И РЕДАКЦИЯ на ЗАПИСА | |
| Създаване/Редакция | Създаване |
| Дата на регистрацията/редакция | 02.02.2011 |
| Статус, дата на статуса | ф / |
| Служител, извършил регистрацията/редакцията | Людмила_Стоянова |
| 944 ## - СЪЗДАВАНЕ И РЕДАКЦИЯ на ЗАПИСА | |
| Създаване/Редакция | Редакция |
| Дата на регистрацията/редакция | 16.02.2011 |
| Статус, дата на статуса | ф / |
| 999 ## - СИСТЕМНИ КОНТРОЛНИ НОМЕРА | |
| Koha biblioitemnumber | 94433 |
| Код за отписване | Код за изгубен артикул | Код за повреда | Коз за рестрикции | Код за отдаване | Артикулен № | Име на библиотеката - собственик | Име на библиотеката, в която се намира в момента | Статус (Текущо местоположение) | Дата на вписване в системата | Местоположение - отдел | Цена в лева | Инвентарен номер | Систематично азбучна сигнатура | Баркод | Номер на екземпляра | Цена в евро | Служебна бележка | Служебен тип на артикула | Източник на класификационната схема |
|---|---|---|---|---|---|---|---|---|---|---|---|---|---|---|---|---|---|---|---|
| Не е изгубен | Не е повреден | без рестрикции | заемане за дома | 151600 | Регионална библиотека "Любен Каравелов" Русе | Регионална библиотека "Любен Каравелов" Русе | Заемна - подръчен фонд | 2011-02-02 | Заемна - подръчен фонд | 4.00 | 120000748887 | П 886.7-8/В 87 | 120000748887 | 1 | 2.05 | Дост: DA Вид: А N: 3 Дата: 02.02.2011 Дата инв: 14.02.2018 Бележки инв: П2018 | Книги | ||
| Изтеглен | Не е изгубен | Не е повреден | без рестрикции | заемане за дома | 151601 | Регионална библиотека "Любен Каравелов" Русе | Регионална библиотека "Любен Каравелов" Русе | Заемна - подръчен фонд | 2011-02-02 | Заемна - подръчен фонд | 4.00 | 120000748888 | П 886.7-8/В 87 | 120000748888 | 2 | 2.05 | Дост: DA Вид: А N: 3 Дата: 02.02.2011 Дата инв: 14.02.2018 Бележки инв: П2018 | Книги | Universal Decimal Classification |
| Не е изгубен | Не е повреден | без рестрикции | ползва се в читалня | 151602 | Регионална библиотека "Любен Каравелов" Русе | Регионална библиотека "Любен Каравелов" Русе | Краезнание | 2011-02-02 | Краезнание | 4.00 | 120000748889 | К 821.163.2/В 87 | 120000748889 | 3 | 2.05 | Дост: DA Вид: А N: 3 Дата: 02.02.2011 Дата инв: 14.11.2017 Бележки инв: К2017 | Книги | Universal Decimal Classification |